000 00403nam a22001697a 4500
003 MPLRDC
005 20220104142401.0
008 210129b ||||| |||| 00| 0 eng d
082 _a859.6 SQ v.1
100 _a顺青编
245 _a小气的小华
_c
260 _a
_bSUPER BOOK CO.
_c
300 _b
490 _a学生辅导读物从书
650 _a辅导读物
942 _cBK
_o859.6 SQ v.1
999 _c30436
_d30426